000 00600nam a22002177a 4500
003 UA-OsUOA
001 129974
007 ta
008 20180402b un ||||| |||| 00| 0 ukr d
100 _aСтепаненко М.
090 _a82
_bС79
942 _cSA
040 _aUA-OsUOA
_bukr
_cUA-OsUOA
_dUA-OsUOA
245 _aОлесь Гончар між творчою свободою й тотальним шаблоном
300 _aС.10
955 _a0
041 _aukr
080 _a82
773 0 _w129973
650 7 _a82 Література. Літературознавство
_2UDC
999 _c417871
_d417871